Tous les acteurs nominés aux Oscars - Statistiques

Statistiques générales
  • Ce quiz a été pris 2 450 fois
    1 501 depuis la dernière actualisation
  • Le résultat moyen est 148 sur 499
Statistiques - réponses
# Acteur % Correct
6 Leonardo DiCaprio
91%
8 Robert De Niro
90%
2 James Dean
89%
4 Brad Pitt
87%
9 Al Pacino
86%
1 Jean Dujardin
79%
12 Jack Nicholson
75%
6 Tom Hanks
75%
9 Denzel Washington
74%
6 Daniel Day-Lewis
73%
8 Marlon Brando
73%
3 Will Smith
73%
1 Cillian Murphy
71%
3 Tom Cruise
70%
3 Matt Damon
69%
2 Adrien Brody
68%
6 Anthony Hopkins
68%
1 Eddie Murphy
66%
5 Morgan Freeman
66%
2 Casey Affleck
65%
2 Clint Eastwood
65%
1 Samuel L. Jackson
64%
5 Bradley Cooper
63%
4 George Clooney
62%
1 Harrison Ford
62%
1 Matthew McConaughey
62%
1 Chris Cooper
61%
4 Christian Bale
61%
7 Dustin Hoffman
61%
5 Gary Cooper
61%
1 Jackie Cooper
61%
2 Jamie Foxx
61%
4 Joaquin Phoenix
61%
4 Philip Seymour Hoffman
61%
5 Sean Penn
61%
3 Gary Oldman
60%
2 Timothée Chalamet
60%
3 Johnny Depp
59%
1 River Phoenix
59%
3 Robert Downey Jr.
59%
4 Robin Williams
59%
2 Cary Grant
57%
3 Kirk Douglas
57%
3 Melvyn Douglas
57%
1 Michael Douglas
57%
1 Richard E. Grant
57%
3 Ryan Gosling
57%
2 Sylvester Stallone
57%
1 Brendan Fraser
56%
2 Henry Fonda
56%
1 Peter Fonda
56%
3 Russell Crowe
55%
4 Ed Harris
54%
5 James Stewart
54%
2 John Travolta
54%
2 John Wayne
54%
9 Paul Newman
54%
1 Sean Connery
54%
1 Gérard Depardieu
53%
6 Michael Caine
53%
2 Richard Harris
53%
2 Andrew Garfield
52%
1 Charlie Chaplin
52%
4 Javier Bardem
52%
4 Tommy Lee Jones
52%
2 Christoph Waltz
51%
1 James Earl Jones
51%
3 Joe Pesci
50%
1 Rami Malek
50%
1 Robert Redford
50%
3 Viggo Mortensen
50%
2 Colin Firth
49%
5 Gene Hackman
49%
7 Jeff Bridges
49%
2 John Garfield
49%
1 Kevin Costner
49%
1 Michael Keaton
49%
3 Ralph Fiennes
49%
3 Clark Gable
48%
1 Forest Whitaker
48%
3 Humphrey Bogart
48%
2 Jude Law
48%
1 Peter Firth
48%
2 Sidney Poitier
48%
4 Ben Kingsley
47%
2 Heath Ledger
47%
2 Kevin Spacey
47%
1 Liam Neeson
47%
10 Laurence Olivier
46%
2 Mahershala Ali
46%
2 Nicolas Cage
46%
8 Peter O'Toole
46%
7 Robert Duvall
46%
1 Antonio Banderas
45%
1 Charlton Heston
45%
2 Eddie Redmayne
45%
1 Roberto Benigni
45%
9 Spencer Tracy
45%
1 Steve McQueen
45%
2 Benicio del Toro
44%
1 Ben Johnson
44%
1 Bill Murray
44%
8 Jack Lemmon
44%
1 Jared Leto
44%
1 Lee Tracy
44%
4 Alec Guinness
43%
4 Burt Lancaster
43%
1 Don Murray
43%
1 Dudley Moore
43%
4 Edward Norton
43%
2 Christopher Walken
42%
5 Gregory Peck
42%
2 Ian McKellen
42%
4 Mark Ruffalo
42%
2 Rex Harrison
42%
7 Richard Burton
42%
2 Adam Driver
41%
2 Frank Sinatra
41%
4 George C. Scott
41%
1 James Caan
41%
4 Willem Dafoe
41%
3 William Holden
41%
4 Anthony Quinn
40%
1 Eric Roberts
40%
1 F. Murray Abraham
40%
2 John Hurt
40%
4 Jon Voight
40%
3 Marcello Mastroianni
40%
4 William Hurt
40%
1 Yul Brynner
40%
1 David Niven
39%
1 Ernest Borgnine
39%
2 Michael Fassbender
39%
2 Richard Dreyfuss
39%
3 Charles Laughton
38%
2 Ethan Hawke
38%
1 Laurence Fishburne
38%
1 Lee Marvin
38%
1 Orson Welles
38%
2 Peter Finch
38%
1 Andy García
37%
1 Broderick Crawford
37%
1 Gene Kelly
37%
1 Jesse Eisenberg
37%
3 Maximilian Schell
37%
1 Tony Curtis
37%
5 Arthur Kennedy
36%
3 Charles Coburn
36%
1 Chill Wills
36%
1 George Kennedy
36%
3 James Cagney
36%
1 James Coburn
36%
2 Jeremy Renner
36%
2 Jonah Hill
36%
3 Rod Steiger
36%
1 Tom Hardy
36%
1 Woody Allen
36%
1 Burt Reynolds
35%
1 Chadwick Boseman
35%
1 Harvey Keitel
35%
1 Hugh Jackman
35%
6 Paul Muni
35%
1 Ray Milland
35%
3 Walter Matthau
35%
2 Benedict Cumberbatch
34%
1 Cliff Robertson
34%
1 Cuba Gooding Jr.
34%
4 Geoffrey Rush
34%
2 Hugh Griffith
34%
3 Jason Robards
34%
2 J. K. Simmons
34%
3 José Ferrer
34%
1 Lionel Barrymore
34%
1 Rock Hudson
34%
1 Ryan O'Neal
34%
2 Victor McLaglen
34%
4 Walter Brennan
34%
1 Fred Astaire
33%
5 Fredric March
33%
1 George Arliss
33%
1 Jeremy Irons
33%
1 John Huston
33%
2 Leslie Howard
33%
1 Maurice Chevalier
33%
2 Max von Sydow
33%
3 Peter Ustinov
33%
1 Terrence Howard
33%
1 Trevor Howard
33%
1 Don Ameche
32%
1 Jeffrey Wright
32%
2 John Gielgud
32%
1 Ke Huy Quan
32%
1 Louis Gossett Jr.
32%
4 Montgomery Clift
32%
1 Stephen Rea
32%
4 Walter Huston
32%
3 Woody Harrelson
32%
4 Alan Arkin
31%
1 Art Carney
31%
2 Bruce Dern
31%
1 Burt Young
31%
1 Chester Morris
31%
1 George Chakiris
31%
3 Gig Young
31%
3 James Mason
31%
1 Martin Balsam
31%
3 Martin Landau
31%
1 Ralph Bellamy
31%
1 Robert Mitchum
31%
1 Robert Vaughn
31%
1 Roland Young
31%
1 Tim Robbins
31%
1 Alan Bates
30%
5 Albert Finney
30%
1 Burl Ives
30%
3 Christopher Plummer
30%
1 Harold Russell
30%
1 John Cassavetes
30%
1 Kevin Kline
30%
1 Michael Redgrave
30%
1 Ned Beatty
30%
1 Omar Sharif
30%
1 Richard Widmark
30%
1 Robert Ryan
30%
4 Warren Beatty
30%
1 Albert Brooks
29%
1 Bryan Cranston
29%
1 Elliott Gould
29%
3 Jack Palance
29%
1 Jack Wild
29%
2 James Woods
29%
1 Joel Grey
29%
1 Josh Brolin
29%
1 Mark Rylance
29%
3 Nick Nolte
29%
2 Ralph Richardson
29%
3 Ronald Colman
29%
1 Tom Hulce
29%
1 Alec Baldwin
28%
2 Burgess Meredith
28%
1 Cornel Wilde
28%
1 Dennis Hopper
28%
1 George Burns
28%
1 Jonathan Pryce
28%
1 Matt Dillon
28%
1 Mikhail Baryshnikov
28%
1 Oskar Werner
28%
2 Peter Falk
28%
1 Terrence Stamp
28%
1 Wallace Beery
28%
1 Brendan Gleeson
27%
4 Charles Boyer
27%
1 Denholm Elliott
27%
1 Dexter Gordon
27%
2 Edmond O'Brien
27%
1 Edward James Olmos
27%
1 Ian Holm
27%
1 James Garner
27%
1 James Gleason
27%
2 Karl Malden
27%
2 Kenneth Branagh
27%
1 Kevin McCarthy
27%
1 Sebastian Stan
27%
1 Sterling K. Brown
27%
1 Vittorio De Sica
27%
1 Dan Aykroyd
26%
1 Gene Wilder
26%
1 Hume Cronyn
26%
1 Jeremy Strong
26%
2 John Malkovich
26%
1 Michael Clarke Duncan
26%
4 Mickey Rooney
26%
2 Roy Scheider
26%
2 Sal Mineo
26%
2 Tom Wilkinson
26%
1 William H. Macy
26%
1 Anthony Perkins
25%
3 Bing Crosby
25%
2 Charles Durning
25%
1 Emil Jannings
25%
1 James Dunn
25%
1 Lee Strasberg
25%
1 Mark Wahlberg
25%
1 Michael Dunn
25%
2 Paul Giamatti
25%
2 Robert Montgomery
25%
1 Robert Preston
25%
1 Warner Baxter
25%
2 Barry Fitzgerald
24%
1 H. B. Warner
24%
1 Paul Lukas
24%
1 Randy Quaid
24%
2 Richard Jenkins
24%
1 Steve Carell
24%
1 Daniel Massey
23%
1 Ed Begley
23%
2 Eddie Albert
23%
2 Jack Warden
23%
1 James Franco
23%
1 Kieran Culkin
23%
2 Paul Scofield
23%
2 Peter Sellers
23%
1 Raymond Massey
23%
1 Sam Elliott
23%
1 Stanley Tucci
23%
1 Chris Sarandon
22%
1 Colin Farrell
22%
1 Frank Finlay
22%
1 Jackie Gleason
22%
1 Austin Butler
21%
2 Billy Bob Thornton
21%
2 Colman Domingo
21%
2 Daniel Kaluuya
21%
1 Elliot Page
21%
1 Frank Langella
21%
1 Gary Sinise
21%
2 John Lithgow
21%
1 John Mills
21%
2 Sam Rockwell
21%
1 Steven Yeun
21%
1 George Bancroft
20%
1 Harry Carey
20%
1 Jake Gyllenhaal
20%
1 Jim Broadbent
20%
2 Lee J. Cobb
20%
1 Mickey Rourke
20%
1 Richard Todd
20%
2 Robert Donat
20%
1 Robert Strauss
20%
1 Bob Hoskins
19%
1 Donald Crisp
19%
2 Edmund Gwenn
19%
1 Ed Wynn
19%
1 Ken Watanabe
19%
1 Lewis Stone
19%
1 Pat Morita
19%
1 Paul Mescal
19%
1 Sacha Baron Cohen
19%
2 Walter Pidgeon
19%
1 Yura Borisov
19%
4 Claude Rains
18%
1 George Sanders
18%
1 Guy Pearce
18%
1 Jason Miller
18%
1 Red Buttons
18%
1 Seymour Cassel
18%
1 Tim Roth
18%
3 William Powell
18%
1 Clive Owen
17%
1 Don Cheadle
17%
1 James Coco
17%
1 James Cromwell
17%
1 Nick Adams
17%
1 Rip Torn
17%
1 Robert Loggia
17%
1 Telly Savalas
17%
2 Thomas Mitchell
17%
2 Frank Morgan
16%
1 Greg Kinnear
16%
1 Jack Albertson
16%
1 John Hawkes
16%
2 Richard Farnsworth
16%
1 Robert Stack
16%
2 Vincent Gardenia
16%
1 Bruce Davison
15%
3 Charles Bickford
15%
1 Chief Dan George
15%
1 Ciarán Hinds
15%
3 Clifton Webb
15%
1 Dean Jagger
15%
1 Dean Stockwell
15%
1 Jaye Davidson
15%
1 Mako
15%
1 Riz Ahmed
15%
1 Robert Shaw
15%
1 Tom Conti
15%
1 Van Heflin
15%
1 Brian Tyree Henry
14%
1 Dev Patel
14%
2 Djimon Hounsou
14%
1 Haing S. Ngor
14%
1 Justin Henry
14%
1 Richard S. Castellano
14%
2 Tom Courtenay
14%
1 Bill Nighy
13%
1 Chiwetel Ejiofor
13%
1 Demián Bichir
13%
1 Frederic Forrest
13%
1 Gary Busey
13%
1 Giancarlo Giannini
13%
1 Haley Joel Osment
13%
1 Jesse Plemons
13%
2 Judd Hirsch
13%
1 Michael O'Keefe
13%
1 Richard Dix
13%
1 Rupert Crosse
13%
1 Troy Kotsur
13%
1 Alfred Lunt
12%
1 Chazz Palminteri
12%
1 Dan Dailey
12%
1 Erich von Stroheim
12%
1 John C. Reilly
12%
1 John Dall
12%
1 John Houseman
12%
1 Larry Parks
12%
1 Leslie Odom Jr.
12%
1 Lew Ayres
12%
1 Massimo Troisi
12%
1 Paul Winfield
12%
1 Robert Forster
12%
1 Stuart Whitman
12%
1 Thomas Haden Church
12%
1 Timothy Hutton
12%
1 Adolphe Menjou
11%
2 Akim Tamiroff
11%
1 Alan Alda
11%
2 Arthur O'Connell
11%
1 Barkhad Abdi
11%
1 Barry Keoghan
11%
1 Brian Aherne
11%
1 Danny Aiello
11%
1 Franchot Tone
11%
1 Jackie Earle Haley
11%
1 Jack Oakie
11%
1 James Stephenson
11%
1 Jeff Chandler
11%
1 John Marley
11%
1 LaKeith Stanfield
11%
1 Louis Calhern
11%
1 Michael Chekhov
11%
1 Michael Lerner
11%
1 Mischa Auer
11%
1 Paul Raci
11%
1 Robert Morley
11%
1 Topol
11%
1 Victor Buono
11%
1 William Gargan
11%
1 Albert Basserman
10%
1 Bobby Darin
10%
1 Brandon deWilde
10%
1 Brian Donlevy
10%
2 Cecil Kellaway
10%
1 Graham Greene
10%
1 Ian Bannen
10%
1 Joe Mantell
10%
1 Klaus Maria Brandauer
10%
1 Laurence Harvey
10%
1 Michael V. Gazzo
10%
1 Sam Shepard
10%
1 Sam Waterston
10%
1 Sessue Hayakawa
10%
1 Thomas Gomez
10%
1 William Bendix
10%
1 William Demarest
10%
1 Adolph Caesar
9%
1 Alexander Knox
9%
1 Anthony Franciosa
9%
1 David Paymer
9%
1 Hal Holbrook
9%
1 Howard Rollins
9%
1 Laurence Tibbett
9%
1 Leo Genn
9%
2 Michael Shannon
9%
1 Richard Barthelmess
9%
1 Ron Moody
9%
1 Stuart Erwin
9%
1 Theodore Bikel
9%
1 Tom Tully
9%
1 Arthur Hunnicutt
8%
1 Gene Lockhart
8%
2 J. Carrol Naish
8%
1 Lucas Hedges
8%
1 Michael J. Pollard
8%
2 Monty Woolley
8%
1 Stanley Holloway
8%
1 Tom Berenger
8%
2 Basil Rathbone
7%
1 Jack Kruschen
7%
2 James Whitmore
7%
1 Nigel Hawthorne
7%
1 Oskar Homolka
7%
1 Sydney Greenstreet
7%
1 Brad Dourif
6%
1 David Strathairn
6%
1 Henry Travers
6%
1 Leonard Frey
6%
1 Richard Jaeckel
6%
1 Russ Tamblyn
6%
1 Sam Jaffe
6%
1 Anthony Quayle
5%
1 John Ireland
5%
1 William Hickey
5%
1 Jack Gilford
4%
1 George Segal
2%
1 Kodi Smit-McPhee
2%
1 Armin Mueller-Stahl
1%
1 Dan O'Herlihy
1%
1 Joseph Schildkraut
1%
1 Pete Postlethwaite
1%
Aucun quiz correspondant
Distribution des résultats
% des personnes avec chaque résultat
Percentile par nombre de réponses
Votre historique - résultats
Vous n’avez pas pris ce quiz depuis la dernière actualisation